[Event "Pan American-ch School U11 12th"]
[Site "Callao"]
[Date "2023.10.19"]
[Round "7"]
[White "Meneses Morales, Marcos Beltran"]
[Black "Ydrogo Agreda, Gustavo Alonso"]
[Result "1/2-1/2"]
[WhiteElo "1401"]
[BlackElo "1138"]
[PlyCount "28"]
[EventDate "2023.10.16"]
[EventType "swiss"]
[EventRounds "9"]
[EventCountry "PER"]
[SourceTitle "CB48_2023"]
[SourceDate "2023.11.29"]
[SourceVersion "1"]
[SourceVersionDate "2023.11.29"]
[SourceQuality "1"]

1. d4 d5 2. c4 dxc4 3. Nf3 Nf6 4. e3 e6 5. Bxc4 c5 6. 0-0 a6 7. dxc5 Qxd1 8. Rxd1 Bxc5 9. Nc3 Nbd7 10. a3 b5 11. Be2 Bb7 12. b4 Be7 13. Bb2 0-0 14. Rac1 Nb6 1/2-1/2

[Event "Pan American-ch School U11 12th"]
[Site "Callao"]
[Date "2023.10.16"]
[Round "2"]
[White "Pinto Cajavilca, Willy Andre"]
[Black "Meneses Morales, Marcos Beltran"]
[Result "0-1"]
[WhiteElo "1124"]
[BlackElo "1401"]
[PlyCount "66"]
[EventDate "2023.10.16"]
[EventType "swiss"]
[EventRounds "9"]
[EventCountry "PER"]
[SourceTitle "CB48_2023"]
[SourceDate "2023.11.29"]
[SourceVersion "1"]
[SourceVersionDate "2023.11.29"]
[SourceQuality "1"]

1. e4 c5 2. Nf3 d6 3. d4 cxd4 4. Nxd4 Nf6 5. Nc3 g6 6. Bc4 Bg7 7. Be3 Nc6 8. 0-0 0-0 9. Nxc6 bxc6 10. h3 Nd7 11. f4 Nb6 12. Bb3 a5 13. Kh1 Ba6 14. Rf2 c5 15. a3 Nc4 16. Bxc4 Bxc4 17. Rb1 Rb8 18. f5 Qb6 19. Na4 Qc6 20. b3 Qxe4 21. fxg6 hxg6 22. bxc4 Rxb1 23. Qxb1 Qxe3 24. Rf3 Qe4 25. Qb3 Qe1+ 26. Kh2 Be5+ 27. g3 Bd4 28. h4 Qg1+ 29. Kh3 Qh1+ 30. Kg4 f5+ 31. Kg5 Qc1+ 32. Kxg6 Rf6+ 33. Kh5 Rh6# 0-1

[Event "PER-ch"]
[Site "Lima"]
[Date "2023.08.30"]
[Round "2"]
[White "Puma Lezama, Freddy Gabriel"]
[Black "Meneses Morales, Marcos Beltran"]
[Result "0-1"]
[WhiteElo "1027"]
[BlackElo "1165"]
[PlyCount "32"]
[EventDate "2023.08.29"]
[EventType "swiss"]
[EventRounds "9"]
[EventCountry "PER"]
[SourceTitle "EXT 2024"]
[Source "ChessBase"]
[SourceDate "2023.10.10"]
[SourceVersion "1"]
[SourceVersionDate "2023.10.10"]
[SourceQuality "1"]

1. e4 c5 2. Bc4 d6 3. Nf3 Nf6 4. Nc3 g6 5. d3 Bg7 6. Be3 0-0 7. h3 Nc6 8. Qd2 Re8 9. Ng5 Ne5 10. Bb3 e6 11. 0-0 h6 12. Nf3 Nxf3+ 13. gxf3 h5 14. Kh2 Qc7 15. Bf4 a6 16. Rg1 Qd7 0-1

[Event "PER-ch"]
[Site "Lima"]
[Date "2023.08.29"]
[Round "1"]
[White "Meneses Morales, Marcos Beltran"]
[Black "Lapa Cunias, Marco Antonio"]
[Result "0-1"]
[WhiteElo "1165"]
[BlackElo "1501"]
[PlyCount "42"]
[EventDate "2023.08.29"]
[EventType "swiss"]
[EventRounds "9"]
[EventCountry "PER"]
[SourceTitle "EXT 2024"]
[Source "ChessBase"]
[SourceDate "2023.10.10"]
[SourceVersion "1"]
[SourceVersionDate "2023.10.10"]
[SourceQuality "1"]

1. d4 Nf6 2. Nf3 e6 3. e3 d5 4. Bd3 Bd6 5. Nbd2 0-0 6. 0-0 Nbd7 7. Qe2 e5 8. e4 Re8 9. dxe5 Nxe5 10. exd5 Nxf3+ 11. Qxf3 Bg4 12. Bxh7+ Kxh7 13. Qd3+ Kg8 14. f3 Bh5 15. Nc4 Bg6 16. Qd1 Bc5+ 17. Kh1 Qxd5 18. Qxd5 Nxd5 19. c3 Bd3 20. Rd1 Bxc4 21. b3 Nxc3 0-1